The children's bookshelf; (Record no. 90946)

MARC details
000 -LEADER
fixed length control field 00836cam a22002651 4500
001 - CONTROL NUMBER
control field ss 53000022
003 - CONTROL NUMBER IDENTIFIER
control field DLC
005 - DATE AND TIME OF LATEST TRANSACTION
control field 20260227112752.0
008 - FIXED-LENGTH DATA ELEMENTS--GENERAL INFORMATION
fixed length control field 751106s1953 dcua f000 0 eng
010 ## - LIBRARY OF CONGRESS CONTROL NUMBER
LC control number ss 53000022
035 ## - SYSTEM CONTROL NUMBER
System control number (OCoLC)1811959
040 ## - CATALOGING SOURCE
Original cataloging agency DLC
Transcribing agency FJ
Modifying agency OCoLC
-- DLC
050 00 - LIBRARY OF CONGRESS CALL NUMBER
Classification number Z1037
Item number .U68
082 ## - DEWEY DECIMAL CLASSIFICATION NUMBER
Classification number 028.5
110 1# - MAIN ENTRY--CORPORATE NAME
Corporate name or jurisdiction name as entry element United States.
Subordinate unit Children's Bureau.
245 14 - TITLE STATEMENT
Title The children's bookshelf;
Remainder of title a booklist for parents.
260 ## - PUBLICATION, DISTRIBUTION, ETC.
Place of publication, distribution, etc. [Washington,
Name of publisher, distributor, etc. U.S. Govt. Print. Off.,
Date of publication, distribution, etc. 1953]
300 ## - PHYSICAL DESCRIPTION
Extent 56 p.
Other physical details illus.
Dimensions 20 cm.
490 1# - SERIES STATEMENT
Series statement Its Publication
Volume/sequential designation no. 304
500 ## - GENERAL NOTE
General note Cover title.
650 #0 - SUBJECT ADDED ENTRY--TOPICAL TERM
Topical term or geographic name entry element Children's literature
General subdivision Bibliography.
650 #0 - SUBJECT ADDED ENTRY--TOPICAL TERM
Topical term or geographic name entry element Children
General subdivision Books and reading
Geographic subdivision United States.
740 0# - ADDED ENTRY--UNCONTROLLED RELATED/ANALYTICAL TITLE
Uncontrolled related/analytical title Booklist for parents.
810 1# - SERIES ADDED ENTRY--CORPORATE NAME
Corporate name or jurisdiction name as entry element United States.
Subordinate unit Children's Bureau.
Title of a work Publication
Volume/sequential designation no. 304.

No items available.

Powered by Koha